000 00683nam a2200217Ii 4500
001 14380
003 CO-ViMGA
008 241108s9999||||xx |||||||||||||| ||und||
020 _a958692811X
040 _aCO-ViMGA
_bspa
_erda
_cCO-ViMGA
041 0 _aspa
082 0 4 _a155.2 C81r
100 1 _aJuan Manual Cuartas Restepo
_949213
245 1 0 _aLos rumbos de la mente:
_bensayos sobre el yo, lo mentel natural y la inteligencia artificial
264 1 _aBogotá, Colombia : San Pablo, 2007
300 _avolumen
336 _atext
_btxt
_2rdacontent
337 _aunmediated
_bn
_2rdamedia
338 _avolume
_bnc
_2rdacarrier
940 _aidficha_siabuc: 14076. -- ficha_no_siabuc:14380
999 _c43856
_d43856